000 00474nam a2200145 i 4500
001 90449
003 ES-MaACL
007 t|
008 050120s1951 pe ||||1| spa d
245 0 0 _aLegislación del trabajo
_b: metodización de las normas y jurisprudencia vigentes /
_cpor Manuel A. Vigil.
260 _aLima :
_b[s.n.],
_c1951 (
_fImp. Torres Aguirre)
300 _aXCIV, 486 p. ;
_c25 cm.
700 1 _aVigil, Manuel A.
_9114629
852 _aES-MaACL
_jE-3390
_bR.35848
999 _c90449
_d90449